MDQL
is popping MORE tags! Check the
thread
!
Quizzes
Events
Quiz Creation
Community
Videos
Private Events
Remove Ads
Sign In
Join for FREE
Feedback
Dark Mode
Quiz Categories
Sports
Geography
Music
Movies
Television
Just For Fun
Miscellaneous
History
Literature
Language
Science
Gaming
Entertainment
Religion
Holiday
For Kids
Quiz Lab
Recent
Popular Today
Quiz Kudos Today
Editor Picks
Curator Picks
Quizzes by...
Day
Popularity
Type
Ratings
Length
Year
Community
Subscriptions
Recent Discussions
Orange Saloon
Badges
Playlists
Quests
Create
Leaderboards
Showdown
Live 5
Trivia Bingo
Activity
Puzzle Library
Sporcle Events
Private Events
Virtual Trivia
Globe League
Become a Host
Pub Owners
SporcleCon
Opinionation
Our Games
Videos
Blog
Mobile Apps
Partnerships
Remove Ads and Go Orange
Feedback
Gaming
Video Games
Board Games
Card Games
Pokémon
Mario
Nintendo
Minecraft
Console
Toys
Legend of Zelda
Gaming
Video Games
Board Games
Card Games
Pokémon
Mario
Nintendo
Minecraft
Console
Toys
Legend of Zelda
Random Quiz
Search Sporcle
×
Quiz Lab
Quiz Lab
Gaming
ultimate
Type in answers that appear in a list
Type in answers that appear in a list
Classic
Best Score? Go Orange.
Name the Smite Gods by their Ultimate Stats
Can you name the Smite Gods by their Ultimate
By
kittika
10m
47 Questions
5,799 Plays
5,799 Plays
5,799 Plays
Comments
Comments
Give Quiz Kudos
Give Quiz Kudos
-
- Ratings
hide this ad
Forced Order
Answers have to be entered in order
Answers have to be entered in order
Random Order
Randomize order of answers
Randomize order of answers
Replay
Link that replays current quiz
Next Quiz
Link to next quiz in quiz playlist
You Got
0%
They Got
Avg Score
80%
Avg Friend Score
Upgrade to see
Score Distribution
Jump to the score distribution portion of the page
Score
0/47
Timer
10:00
0
Plays Today
Ultimate
God
% Correct
Cat Call
Bastet
92.2%
Release the Kraken!
Poseidon
90.9%
Fields of Love
Cupid
90.7%
Lightning Storm
Zeus
90.2%
Assassinate
Loki
90%
Undying Love
Aphrodite
89.4%
Rewind
Chronos
89.2%
Valkyrie's Discretion
Freya
89.2%
Calydonian Boar
Artemis
88.3%
Waxing Moon
Chang'e
88.1%
Lurking in the Waters
Sobek
87.6%
World Weaver
Neith
87.4%
Ragnarok
Fenrir
87.2%
Shards of Ice
Ymir
86.6%
Crushing Wave
He Bo
86.3%
Stinger
Ah Muzen Cab
85.6%
Hovering Death
Thanatos
85.2%
Desert Fury
Anhur
85.2%
Lawbringer
Tyr
85%
Regurgitate
Bakasura
84.9%
Ring of Spears
Odin
84.6%
Across the Sky
Apollo
84.5%
Switch Stances
Hel
84.4%
Rain Fire
Agni
83.8%
Ultimate
God
% Correct
Intoxicate
Bacchus
83.7%
Recall Demons
Zhong Kui
83.4%
Sonic Boom
Mercury
82.5%
Cavalry Charge
Guan Yu
82.2%
Defender of Olympus
Athena
80.5%
Wind Fire Wheels
Ne Zha
79.9%
Darkest of Nights
Xbalanque
78%
Death Gaze
Anubis
77.8%
Circle of Protection
Isis
77.2%
Somersault Cloud
Sun Wukong
76.9%
No Escape
Ares
76.3%
Cocoon
Arachne
76.1%
Anvil of Dawn
Thor
74.2%
Fear no Evil
Hun Batz
74.1%
Pillar of Agony
Hades
73.3%
Pillars of Heaven
Nu Wa
69.3%
Excavate
Hercules
68%
Colossal Fury
Vamana
68%
Searing Pain
Ra
67.9%
Storm Call
Chaac
67.1%
Destruction
Kali
61.9%
Spirit's Tempest
Ao Kuang
60.4%
Earthshaker
Vulcan
51.2%
Quiz Playlist
Details
Report
Send in Message
Add To Playlist
Classic:
Type in answers that appear in a list
Forced Order:
Answers have to be entered in order
Random Order:
Randomize order of answers
Last Updated: Feb 16, 2017
Quiz Scoreboard
CHALLENGE
Sign Up to Join the Scoreboard
Show All
Scores
Hide
Comments
May contain spoilers
Recently Published
Find the 'City' Movie
by crazypaving
Movies
60s
5x2 Blitz: Bands
by SL_Kpop136
Music
30s
Colored Red Africa Blitz
by spor1
Geography
30s
More to Explore
Quiz From the Vault
Featured Blog Post
14 Easter Pick-up Lines to Find Eggs With
hide this ad
You Might Also Like...
Tags
god
Smite
ultimate
Today's Top Quizzes in Gaming
Browse Gaming
hide this ad
Today's Top Quizzes in ultimate
Browse ultimate
Top Contributed Quizzes in Gaming
1
Destiny 2 exotic weapons by perk icons
2
Legendary or Exotic?
3
Dead By Daylight Logic Puzzle
4
Genshin murder mystery
5
League of Legends Pro Players by Career/Team History
6
Overwatch Logic Puzzle
7
Stardew Mayhem 2: Electric Boogaloo
8
Windmill: Elements
9
Arcade Game Bunker
10
Valorant Utility Use (Up to Clove)
Explore More
Trending Topics
Kpop
Harry Potter
Crossword
Anime
Disney
Marvel
NBA
Song
Puzzle
The Office
Soccer
WWE
Country
NFL
Pokémon
hide this ad
More By:
kittika
Quiz
Plays
Rating
Category
Featured
Created
League of Legends, Guess the Champions by their Weapons
16,896
2.00
Gaming
Feb 7, 2013
Name the Smite Gods by their Ultimate
5,799
5.00
Gaming
Jan 11, 2014
Can you match the Smite gods with their titles?
4,933
3.80
Gaming
Jan 12, 2014
League of Legends, How well do you know your skins?
3,595
2.17
Gaming
Jun 7, 2013
How well do you know your Smite Skins?
3,006
5.00
Gaming
Jan 9, 2014
Go to Creator's Profile
Score Distribution
Quiz Creator Spotlight
kittika
Follow
Send a Message
Quizzes Created
-
Created Quiz Play Count
-
More By This Creator
Popular Quizzes Today
1
5x2 Blitz: Bands
2
Find the 'City' Movie
3
Colored Red Africa Blitz
4
Find the US States - No Outlines Minefield
5
The Countries of the World
6
Find the US States
7
9x9 Crossword: Cartoon Network
8
US States
More Gaming Quizzes
Licensed Board Games
Published
Trending Quizzes
Colored Red Africa Blitz II
Colored Red Europe Blitz I
Christmas Pick: Judaism
Colored Red Africa Blitz III
Colored Red Europe Blitz II
Recently Updated
Champions League XIs: Real Madrid
pecheneg
Largest US Cities 1790-2010
pecheneg
Rides in Walt Disney World
pecheneg
Most Oscar Losses (Acting)
pecheneg
Beyoncé Albums
pecheneg
Leaping Animals
pecheneg
Reality TV Shows (A-Z)
bhenderson79
Rickey Henderson's Hall of Fame Teammates
pecheneg
Champions League XIs: Arsenal
pecheneg
Quick Pick: Celebrities in WWE's Hall of Fame
aduchscher
Trending Topics
NBA
Kpop
Anime
Crossword
Disney
Marvel
Harry Potter
Puzzle
Song
Pokémon
Country
The Office
Soccer
WWE
NFL
Your Account Isn't Verified!
In order to create a playlist on Sporcle, you need to verify the email address you used during registration. Go to your
Sporcle Settings
to finish the process.
Report this User
Report this user for behavior that violates our
Community Guidelines
.
Details:
Send Report
Go to the Sporcle.com Mobile Site →
Comments